[Event "Wch U16 Girls"]
[Site "Montesilvano"]
[Date "2023.11.24"]
[Round "11"]
[White "Bruessow, Nina"]
[Black "Momyn, Madina"]
[Result "1-0"]
[WhiteElo "1863"]
[BlackElo "1315"]
[PlyCount "97"]
[EventDate "2023.11.13"]
[EventType "swiss"]
[EventRounds "11"]
[EventCountry "ITA"]
[SourceTitle "CB48_2023"]
[SourceDate "2023.11.29"]
[SourceVersion "1"]
[SourceVersionDate "2023.11.29"]
[SourceQuality "1"]

1. e4 e6 2. d4 d5 3. Nc3 Nf6 4. Bg5 dxe4 5. Nxe4 Be7 6. Nxf6+ Bxf6 7. Bxf6 Qxf6 8. Nf3 c5 9. Qd3 0-0 10. 0-0-0 cxd4 11. Qxd4 Nd7 12. Bb5 Qxd4 13. Rxd4 Nf6 14. Ne5 a6 15. Be2 b5 16. Bf3 Ra7 17. Rhd1 Bb7 18. Nd7 Bxf3 19. Nxf8 Bd5 20. Nxe6 fxe6 21. Re1 Rc7 22. b3 Kf7 23. g4 h6 24. h4 Kg6 25. h5+ Kf7 26. Re5 Nd7 27. Re3 Nf6 28. Kb2 a5 29. c3 Ke7 30. f3 Kd6 31. a4 e5 32. Rd2 bxa4 33. c4 axb3 34. cxd5 a4 35. Re1 Nxd5 36. Ka3 Ra7 37. Re4 Kc5 38. Rxa4 Rxa4+ 39. Kxa4 Kc4 40. Ka3 Nb4 41. Rd7 Nc2+ 42. Kb2 Ne1 43. Rc7+ Kd4 44. Rxg7 Nxf3 45. g5 e4 46. gxh6 e3 47. h7 e2 48. h8Q e1Q 49. Rd7+ 1-0

[Event "Arco op 45th"]
[Site "Arco"]
[Date "2023.10.14"]
[Round "8"]
[White "Deubelbeiss, Rene"]
[Black "Bruessow, Nina"]
[Result "0-1"]
[WhiteElo "1962"]
[BlackElo "1767"]
[PlyCount "84"]
[EventDate "2023.10.07"]
[EventType "swiss"]
[EventRounds "9"]
[EventCountry "ITA"]
[SourceTitle "Mega2024 Update 01"]
[Source "Chessbase"]
[SourceDate "2023.11.12"]
[SourceVersion "1"]
[SourceVersionDate "2023.11.12"]
[SourceQuality "1"]

1. c4 c5 2. g3 Nf6 3. Bg2 d5 4. cxd5 Nxd5 5. Nc3 Nc7 6. Nf3 Nc6 7. 0-0 e5 8. a3 Be7 9. b4 cxb4 10. axb4 Bxb4 11. Nxe5 Nxe5 12. Qa4+ Nc6 13. Bxc6+ bxc6 14. Qxb4 Qe7 15. Qc4 Qd7 16. Ba3 Ba6 17. Qe4+ Qe6 18. d3 Nb5 19. Nxb5 Bxb5 20. Qf4 0-0-0 21. Bc5 a6 22. Be3 f6 23. Rfb1 Qe5 24. Qb4 g5 25. Qa5 Rd7 26. Rc1 Rc7 27. Ra2 h5 28. Rac2 Kd7 29. Rc5 Qe6 30. d4 h4 31. d5 Qe4 32. Qd2 hxg3 33. fxg3 Rxh2 34. Kxh2 Ke8 35. g4 Rh7+ 36. Kg3 Qe5+ 37. Bf4 gxf4+ 38. Qxf4 Rh3+ 39. Kxh3 Qxf4 40. dxc6 Bxe2 41. R5c3 Bf1+ 42. Kh4 Qh2+ 0-1

[Event "Arco op 45th"]
[Site "Arco"]
[Date "2023.10.13"]
[Round "7"]
[White "Bruessow, Nina"]
[Black "Stanescu, Christian"]
[Result "1/2-1/2"]
[WhiteElo "1767"]
[BlackElo "2056"]
[PlyCount "69"]
[EventDate "2023.10.07"]
[EventType "swiss"]
[EventRounds "9"]
[EventCountry "ITA"]
[SourceTitle "Mega2024 Update 01"]
[Source "Chessbase"]
[SourceDate "2023.11.12"]
[SourceVersion "1"]
[SourceVersionDate "2023.11.12"]
[SourceQuality "1"]

1. e4 c5 2. Nf3 g6 3. d4 cxd4 4. Nxd4 Bg7 5. c4 Nc6 6. Be3 Nf6 7. Nc3 0-0 8. Be2 d6 9. 0-0 Bd7 10. f3 Nxd4 11. Bxd4 Bc6 12. Qd2 a5 13. b3 Nd7 14. Bxg7 Kxg7 15. f4 Qb6+ 16. Kh1 a4 17. bxa4 Qc5 18. Rab1 Nb6 19. Qb2 Nxc4 20. Bxc4 Qxc4 21. Nd5+ f6 22. Nb6 Qc5 23. Nxa8 Rxa8 24. Rbc1 Qh5 25. Rce1 Ra5 26. Qd2 Rc5 27. Rf3 Rc4 28. Rh3 Qc5 29. f5 g5 30. Rhe3 Rc2 31. Qd1 Rxa2 32. Qb3 Rxa4 33. h3 Qe5 34. Qb1 Qc5 35. R3e2 1/2-1/2

[Event "Arco op 45th"]
[Site "Arco"]
[Date "2023.10.12"]
[Round "6"]
[White "Mastroddi, Emiliano"]
[Black "Bruessow, Nina"]
[Result "1-0"]
[WhiteElo "1945"]
[BlackElo "1767"]
[PlyCount "59"]
[EventDate "2023.10.07"]
[EventType "swiss"]
[EventRounds "9"]
[EventCountry "ITA"]
[SourceTitle "Mega2024 Update 01"]
[Source "Chessbase"]
[SourceDate "2023.11.12"]
[SourceVersion "1"]
[SourceVersionDate "2023.11.12"]
[SourceQuality "1"]

1. c4 c5 2. g3 Nf6 3. Bg2 d5 4. cxd5 Nxd5 5. Nc3 Nc7 6. Nf3 Nc6 7. 0-0 e5 8. d3 Be7 9. Bd2 0-0 10. Rc1 Ne6 11. Re1 f5 12. Qb3 Kh8 13. Qc2 g5 14. h3 f4 15. Ne4 Ned4 16. Nxd4 Nxd4 17. Qb1 f3 18. exf3 Nxf3+ 19. Bxf3 Rxf3 20. Kg2 Rxd3 21. Bxg5 Bxg5 22. Nxg5 Rxg3+ 23. fxg3 Qd2+ 24. Kh1 Qxg5 25. Qe4 Qxg3 26. Rc3 Qg7 27. Rg1 Qf6 28. Rf3 Qe7 29. Qxe5+ Qxe5 30. Rf8# 1-0

[Event "Arco op 45th"]
[Site "Arco"]
[Date "2023.10.08"]
[Round "2"]
[White "Dittmar, Peter"]
[Black "Bruessow, Nina"]
[Result "1/2-1/2"]
[WhiteElo "2135"]
[BlackElo "1767"]
[PlyCount "56"]
[EventDate "2023.10.07"]
[EventType "swiss"]
[EventRounds "9"]
[EventCountry "ITA"]
[SourceTitle "Mega2024 Update 01"]
[Source "Chessbase"]
[SourceDate "2023.11.12"]
[SourceVersion "1"]
[SourceVersionDate "2023.11.12"]
[SourceQuality "1"]

1. d4 Nf6 2. c4 e6 3. Nc3 Bb4 4. e3 0-0 5. Bd3 d5 6. Nge2 Re8 7. 0-0 c5 8. a3 cxd4 9. axb4 dxc3 10. bxc3 Nc6 11. cxd5 Nxd5 12. b5 Ne5 13. Bb1 Qc7 14. Qc2 Nf6 15. Nf4 Bd7 16. Nh5 Neg4 17. Nxf6+ Nxf6 18. c4 Rec8 19. b6 Qxc4 20. Qxc4 Rxc4 21. Rd1 a6 22. Bb2 Bb5 23. Bd4 Rac8 24. h3 Kh8 25. Bd3 Rb4 26. Bxb5 Rxb5 27. Rac1 Rb8 28. f4 Nd5 1/2-1/2

[Event "Arco op 44th"]
[Site "Arco"]
[Date "2022.10.13"]
[Round "6"]
[White "Wagner, Frank"]
[Black "Bruessow, Nina"]
[Result "1/2-1/2"]
[WhiteElo "1805"]
[BlackElo "1438"]
[PlyCount "35"]
[EventDate "2022.10.08"]
[EventType "swiss"]
[EventRounds "9"]
[EventCountry "ITA"]
[SourceTitle "CBM 210 Extra"]
[Source "ChessBase"]
[SourceDate "2022.11.30"]
[SourceVersion "1"]
[SourceVersionDate "2022.11.30"]
[SourceQuality "1"]

1. d4 Nf6 2. Nf3 e6 3. c3 c5 4. Bf4 Qb6 5. Qb3 Qxb3 6. axb3 Nc6 7. e3 Be7 8. Nbd2 d5 9. h3 0-0 10. Bb5 a6 11. dxc5 Bxc5 12. b4 Ba7 13. Be2 b5 14. 0-0 Bb7 15. Ne5 Nxe5 16. Bxe5 Nd7 17. Bd4 Bb8 18. Nb3 1/2-1/2

[Event "EU Union-ch U14 19th"]
[Site "Mureck"]
[Date "2022.08.08"]
[Round "6"]
[White "Todorova, Daniela"]
[Black "Bruessow, Nina"]
[Result "0-1"]
[WhiteElo "1042"]
[BlackElo "1643"]
[PlyCount "66"]
[EventDate "2022.08.03"]
[EventType "swiss"]
[EventRounds "9"]
[EventCountry "AUT"]
[SourceTitle "EXT 2023"]
[Source "ChessBase"]
[SourceDate "2022.10.05"]
[SourceVersion "1"]
[SourceVersionDate "2022.10.05"]
[SourceQuality "1"]

1. e4 c5 2. Nf3 d6 3. c3 a6 4. d4 cxd4 5. Nxd4 Nf6 6. Be2 e5 7. Nf3 Be6 8. 0-0 Be7 9. Ng5 Bd7 10. Bc4 0-0 11. Nf3 b5 12. Bd5 Bc6 13. Re1 Qc7 14. Re2 Nbd7 15. b4 Rac8 16. Bb2 Nb6 17. Bb3 Ba8 18. a3 Nc4 19. Bc1 h6 20. Qd3 Qd7 21. a4 Rc7 22. axb5 axb5 23. Nfd2 d5 24. exd5 Nxd5 25. Nxc4 Nxc3 26. Qxc3 bxc4 27. Ba4 Qd5 28. f3 Bxb4 29. Qxb4 Qd4+ 30. Be3 Qxa1 31. Re1 Qa2 32. Qd6 Rfc8 33. Bb5 Qa5 0-1

[Event "EU Union-ch U14 19th"]
[Site "Mureck"]
[Date "2022.08.07"]
[Round "5"]
[White "Bruessow, Nina"]
[Black "Doersieb, Bianca"]
[Result "0-1"]
[WhiteElo "1643"]
[BlackElo "1109"]
[PlyCount "92"]
[EventDate "2022.08.03"]
[EventType "swiss"]
[EventRounds "9"]
[EventCountry "AUT"]
[SourceTitle "EXT 2023"]
[Source "ChessBase"]
[SourceDate "2022.10.05"]
[SourceVersion "1"]
[SourceVersionDate "2022.10.05"]
[SourceQuality "1"]

1. e4 e5 2. Nf3 Nc6 3. d4 exd4 4. Nxd4 Bc5 5. Nb3 Bb6 6. Nc3 h6 7. Bf4 d6 8. Qd2 Nf6 9. f3 Bd7 10. 0-0-0 Qe7 11. Bb5 0-0-0 12. Na4 Ne5 13. Nxb6+ cxb6 14. Nd4 Bxb5 15. Nxb5 Ne8 16. Nxa7+ Kb8 17. Nb5 f6 18. Qd4 Nc7 19. Qxb6 Nxb5 20. Qxb5 Qd7 21. Qxd7 Rxd7 22. Bxe5 fxe5 23. Rd5 Kc7 24. Rhd1 Ra8 25. a3 g5 26. R1d3 Rg8 27. g4 Rf8 28. Kd2 Rh8 29. Ke2 h5 30. h3 Rh6 31. Rc3+ Kb8 32. Rdd3 Rf7 33. Rd1 hxg4 34. hxg4 Rh2+ 35. Ke3 Rh3 36. Rf1 Rf4 37. Ke2 Rf6 38. b4 Rf4 39. b5 Rxg4 40. Re3 Rg2+ 41. Kd3 Rhh2 42. Rc1 Rf2 43. Rce1 Rd2+ 44. Kc4 Rxc2+ 45. Kd5 Rh6 46. Rg1 Rc5# 0-1

[Event "Arco op 43rd"]
[Site "Arco"]
[Date "2021.10.17"]
[Round "9"]
[White "Wegelin, Reinhard"]
[Black "Bruessow, Nina"]
[Result "1-0"]
[WhiteElo "1800"]
[BlackElo "1554"]
[PlyCount "49"]
[EventDate "2021.10.09"]
[EventType "swiss"]
[EventRounds "9"]
[EventCountry "ITA"]
[SourceTitle "EXT 2023"]
[Source "ChessBase"]
[SourceDate "2022.10.05"]
[SourceVersion "1"]
[SourceVersionDate "2022.10.05"]
[SourceQuality "1"]

1. d4 Nf6 2. Nc3 d5 3. e4 Nxe4 4. Nxe4 dxe4 5. Bc4 g6 6. f3 exf3 7. Nxf3 Bg7 8. 0-0 0-0 9. Be3 Nc6 10. Qd2 Bg4 11. Ng5 Bf6 12. c3 Na5 13. Bd3 Qd5 14. Ne4 Bg7 15. Bh6 Bf5 16. Bxg7 Kxg7 17. Rae1 Rad8 18. Qe2 e5 19. Rxf5 gxf5 20. Qh5 f6 21. Ng3 Qf7 22. Nxf5+ Kh8 23. Qh3 exd4 24. Re7 Qg6 25. Rg7 1-0

[Event "EU Union-ch U14 18th"]
[Site "Mureck"]
[Date "2021.08.10"]
[Round "7"]
[White "Bruessow, Nina"]
[Black "Wahlgreen, Noah Krug"]
[Result "0-1"]
[WhiteElo "1535"]
[BlackElo "1817"]
[PlyCount "118"]
[EventDate "2021.08.04"]
[EventType "swiss"]
[EventRounds "9"]
[EventCountry "AUT"]
[SourceTitle "EXT 2022"]
[Source "ChessBase"]
[SourceDate "2021.10.06"]
[SourceVersion "1"]
[SourceVersionDate "2021.10.06"]
[SourceQuality "1"]

1. e4 c6 2. d4 d5 3. Nd2 dxe4 4. Nxe4 Nf6 5. Nxf6+ exf6 6. Nf3 Bd6 7. g3 0-0 8. Bg2 Qa5+ 9. c3 Qa6 10. Qc2 Be6 11. Be3 Nd7 12. Nd2 Nb6 13. Be4 h6 14. Bd3 Qa5 15. 0-0 Nd5 16. Nc4 Nxe3 17. fxe3 Qc7 18. Nxd6 Qxd6 19. e4 Rfe8 20. Rae1 Re7 21. Rf2 c5 22. d5 Bxd5 23. Rd1 Bc6 24. Qb3 Qe6 25. Qxe6 Rxe6 26. Re1 Rd8 27. Bc2 Rde8 28. Rfe2 Re5 29. Kf2 Rd8 30. Ke3 Re6 31. g4 Red6 32. b3 Bb5 33. c4 Bc6 34. Rf2 Rd4 35. Ree2 a6 36. Rd2 Rxd2 37. Rxd2 Rxd2 38. Kxd2 Bd7 39. Bd1 Kh7 40. Ke3 Kg8 41. Kf4 Kf8 42. e5 g5+ 43. Ke4 Ke7 44. exf6+ Ke6 45. Bf3 Bc6+ 46. Ke3 Bxf3 47. Kxf3 Kxf6 48. Ke4 Ke6 49. a4 a5 50. h3 b6 51. Kd3 f5 52. Ke2 Kf6 53. Kf2 Kg6 54. Kf3 h5 55. Kg3 fxg4 56. hxg4 hxg4 57. Kxg4 Kf6 58. Kg3 Ke5 59. Kg4 Kd4 0-1

[Event "EU Union-ch U14 18th"]
[Site "Mureck"]
[Date "2021.08.07"]
[Round "4"]
[White "Trummer, Alexander"]
[Black "Bruessow, Nina"]
[Result "1-0"]
[WhiteElo "1584"]
[BlackElo "1535"]
[PlyCount "127"]
[EventDate "2021.08.04"]
[EventType "swiss"]
[EventRounds "9"]
[EventCountry "AUT"]
[SourceTitle "EXT 2022"]
[Source "ChessBase"]
[SourceDate "2021.10.06"]
[SourceVersion "1"]
[SourceVersionDate "2021.10.06"]
[SourceQuality "1"]

1. Nf3 Nf6 2. g3 g6 3. Bg2 Bg7 4. 0-0 0-0 5. d3 d6 6. e4 c5 7. c3 Nc6 8. Qc2 Ng4 9. Nbd2 Bd7 10. h3 Nge5 11. Ne1 g5 12. f4 gxf4 13. gxf4 Ng6 14. f5 Nge5 15. Ndf3 Rc8 16. Qf2 b5 17. Qg3 Kh8 18. Qh4 b4 19. Ng5 h6 20. Ngf3 Kh7 21. Nh2 Rg8 22. Ng4 Qf8 23. f6 Bxg4 24. fxg7 Qxg7 25. hxg4 Nxg4 26. Bd2 bxc3 27. bxc3 Rb8 28. Rf4 Nge5 29. Qh3 Rb2 30. Rd1 f6 31. Rh4 Nf7 32. Qf5+ Kh8 33. Qh3 Kh7 34. Kh1 Nce5 35. a3 Ra2 36. d4 cxd4 37. cxd4 Nc4 38. Qd3 Nb2 39. Qb3 Nxd1 40. Qxa2 Nf2+ 41. Kg1 Nd3 42. Bxh6 Nxh6 43. Nxd3 Qg3 44. Rh2 Qxd3 45. Rxh6+ Kxh6 46. Qxg8 Qxd4+ 47. Kh2 Qe5+ 48. Qg3 Qxg3+ 49. Kxg3 Kg5 50. Bh3 e5 51. Kf3 Kh4 52. Be6 a5 53. a4 Kg5 54. Ke3 Kh4 55. Kd3 Kg3 56. Kc4 Kf4 57. Kd5 Ke3 58. Bf5 Kd3 59. Kxd6 Kc4 60. Ke7 Kb4 61. Bd7 f5 62. exf5 e4 63. f6 e3 64. Bb5 1-0

[Event "Wch FIDE Online U12 Girls Europe qual"]
[Site "Tornelo INT"]
[Date "2020.12.09"]
[Round "7"]
[White "Bruessow, Nina"]
[Black "Gvatua, Mariam"]
[Result "0-1"]
[WhiteElo "1409"]
[BlackElo "1353"]
[PlyCount "98"]
[EventDate "2020.12.07"]
[EventType "swiss (rapid)"]
[EventRounds "7"]
[EventCountry "ISS"]
[SourceTitle "EXT 2022"]
[Source "ChessBase"]
[SourceDate "2021.10.06"]
[SourceVersion "1"]
[SourceVersionDate "2021.10.06"]
[SourceQuality "1"]

1. e4 c5 2. Nf3 d6 3. d4 cxd4 4. Nxd4 Nf6 5. Nc3 g6 6. Be3 Bg7 7. f3 0-0 8. Qd2 Nc6 9. g4 Ne5 10. 0-0-0 Bd7 11. h4 h5 12. gxh5 Nxh5 13. Rg1 Qa5 14. Kb1 Rfe8 15. Bh6 f6 16. Bxg7 Kxg7 17. f4 Ng4 18. Bh3 Nf2 19. Bxd7 Nxd1 20. Bxe8 Nxc3+ 21. Qxc3 Qxc3 22. bxc3 Rxe8 23. f5 g5 24. hxg5 fxg5 25. Rxg5+ Kh6 26. Ne6 Nf6 27. Rg6+ Kh7 28. Ng5+ Kh8 29. e5 dxe5 30. Nf7+ Kh7 31. Nxe5 Rc8 32. Nd3 Rxc3 33. Kb2 Rc6 34. Rg1 Rb6+ 35. Kc1 Nd5 36. Nc5 Nc3 37. Kd2 Nxa2 38. Ne6 Rd6+ 39. Ke3 Nc3 40. Rg7+ Kh8 41. Rxe7 Nd5+ 42. Ke4 Nxe7 43. Ke5 Rd5+ 44. Kf6 Nxf5 45. Nf4 Ra5 46. Ne6 Ne3 47. c3 Nd5+ 48. Kf7 Nxc3 49. Nf4 Rf5+ 0-1

[Event "Arco op 42nd"]
[Site "Arco"]
[Date "2020.10.16"]
[Round "7.44"]
[White "Rossi Cassani, Gianni"]
[Black "Bruessow, Nina"]
[Result "1-0"]
[WhiteElo "1695"]
[BlackElo "1505"]
[PlyCount "45"]
[EventDate "2020.10.10"]
[EventType "swiss"]
[EventRounds "9"]
[EventCountry "ITA"]
[SourceTitle "CBM 198 Extra"]
[Source "ChessBase"]
[SourceDate "2020.11.30"]
[SourceVersion "1"]
[SourceVersionDate "2020.11.30"]
[SourceQuality "1"]

1. e4 c5 2. d4 cxd4 3. c3 dxc3 4. Nxc3 Nc6 5. Nf3 d6 6. Bc4 a6 7. 0-0 Nf6 8. Qe2 Bg4 9. Rd1 e6 10. h3 Bh5 11. g4 Bg6 12. e5 Nd7 13. exd6 Nc5 14. Be3 Nd7 15. Bg5 Qb8 16. Bxe6 Bxd6 17. Bxd7+ Kxd7 18. Rxd6+ Qxd6 19. Rd1 Rhe8 20. Rxd6+ Kxd6 21. Bf4+ Kd7 22. Qd2+ Ke7 23. Qd6# 1-0

[Event "Arco op 42nd"]
[Site "Arco"]
[Date "2020.10.10"]
[Round "1.46"]
[White "Zschiesing, Falk"]
[Black "Bruessow, Nina"]
[Result "1-0"]
[WhiteElo "1936"]
[BlackElo "1505"]
[PlyCount "49"]
[EventDate "2020.10.10"]
[EventType "swiss"]
[EventRounds "9"]
[EventCountry "ITA"]
[SourceTitle "CBM 198 Extra"]
[Source "ChessBase"]
[SourceDate "2020.11.30"]
[SourceVersion "1"]
[SourceVersionDate "2020.11.30"]
[SourceQuality "1"]

1. e4 c5 2. Nf3 e6 3. d4 cxd4 4. Nxd4 Nf6 5. Nc3 a6 6. Bg5 Be7 7. Qe2 Qc7 8. 0-0-0 d6 9. f4 Nbd7 10. g4 b5 11. Bg2 Bb7 12. a3 Rc8 13. Kb1 Nb6 14. Bxf6 Bxf6 15. Ndxb5 axb5 16. Nxb5 Qb8 17. Nxd6+ Ke7 18. e5 Bh4 19. Bxb7 Rc7 20. Qa6 Bf2 21. Rhf1 Bc5 22. f5 Rd8 23. fxe6 Kxe6 24. Qd3 Rxb7 25. Qf5+ 1-0

[Event "Davos Summer op"]
[Site "Davos"]
[Date "2020.07.10"]
[Round "2"]
[White "Rempe, Mieke"]
[Black "Bruessow, Nina"]
[Result "0-1"]
[WhiteElo "1717"]
[BlackElo "1409"]
[PlyCount "88"]
[EventDate "2020.07.09"]
[EventType "swiss"]
[EventRounds "5"]
[EventCountry "SUI"]
[SourceTitle "CBM 197 Extra"]
[Source "ChessBase"]
[SourceDate "2020.09.30"]
[SourceVersion "1"]
[SourceVersionDate "2020.09.30"]
[SourceQuality "1"]

1. e4 c5 2. Nf3 d6 3. d4 cxd4 4. Nxd4 Nf6 5. Nc3 a6 6. a4 e6 7. g3 Be7 8. Bg2 0-0 9. Be3 Nbd7 10. 0-0 Ne5 11. f4 Nc4 12. Bc1 Qb6 13. b3 Na5 14. Kh1 Qc7 15. Qd3 Bd7 16. Ba3 Rac8 17. Nce2 Rfe8 18. c4 d5 19. Bxe7 dxc4 20. bxc4 Rxe7 21. e5 Ne8 22. Rfc1 Qc5 23. Be4 g6 24. h4 Nc6 25. h5 Kg7 26. Kg2 Nc7 27. Rh1 Ree8 28. hxg6 hxg6 29. Nb3 Qe7 30. g4 Nb4 31. Qg3 Bc6 32. Bxc6 Nxc6 33. f5 exf5 34. gxf5 Qxe5 35. Nf4 Qe4+ 36. Kg1 Qe3+ 37. Qxe3 Rxe3 38. Nc1 Re1+ 39. Kg2 Rxh1 40. Kxh1 Rh8+ 41. Kg2 gxf5 42. Ncd3 Ne6 43. Nd5 Rh4 44. c5 Rd4 0-1

[Event "EU Union-ch U12 17th"]
[Site "Mureck"]
[Date "2019.08.06"]
[Round "7"]
[White "Bruessow, Nina"]
[Black "Gerard, Francois"]
[Result "0-1"]
[WhiteElo "1283"]
[BlackElo "1247"]
[PlyCount "52"]
[EventDate "2019.07.31"]
[EventType "swiss"]
[EventRounds "9"]
[EventCountry "AUT"]
[SourceTitle "EXT 2020"]
[Source "ChessBase"]
[SourceDate "2019.10.17"]
[SourceVersion "1"]
[SourceVersionDate "2019.10.17"]
[SourceQuality "1"]

1. e4 e5 2. Nf3 Nf6 3. Nxe5 d6 4. Nf3 Nxe4 5. Nc3 Nf6 6. d4 d5 7. Bd3 Bd6 8. 0-0 0-0 9. Bg5 c6 10. Re1 Bg4 11. h3 Bh5 12. Re3 h6 13. Bh4 Bf4 14. Re1 Nbd7 15. Be2 Qc7 16. Ne5 Bxe2 17. Qxe2 Rfe8 18. Qf3 Bxe5 19. dxe5 Rxe5 20. Bg3 Rxe1+ 21. Rxe1 Qb6 22. b3 Re8 23. Rd1 Ne4 24. Re1 Ndf6 25. Na4 Qa5 26. Bf4 Qxe1+ 0-1

[Event "EU Union-ch U12 17th"]
[Site "Mureck"]
[Date "2019.07.31"]
[Round "1"]
[White "Anand, Aryan"]
[Black "Bruessow, Nina"]
[Result "1-0"]
[WhiteElo "1779"]
[BlackElo "1283"]
[PlyCount "91"]
[EventDate "2019.07.31"]
[EventType "swiss"]
[EventRounds "9"]
[EventCountry "AUT"]
[SourceTitle "EXT 2020"]
[Source "ChessBase"]
[SourceDate "2019.10.17"]
[SourceVersion "1"]
[SourceVersionDate "2019.10.17"]
[SourceQuality "1"]

1. d4 Nf6 2. c4 g6 3. Nc3 Bg7 4. e4 d6 5. f3 0-0 6. Be3 c5 7. Nge2 a6 8. a4 Nfd7 9. g4 Nc6 10. d5 Nce5 11. Ng3 Nb6 12. Be2 Nbxc4 13. Bc1 Na5 14. h4 e6 15. h5 Re8 16. Qc2 b5 17. axb5 axb5 18. f4 b4 19. Nb5 Nd7 20. Nxd6 Re7 21. dxe6 Rxe6 22. Nc4 Bb7 23. hxg6 Rxg6 24. Nf5 Bf8 25. g5 Nxc4 26. Rxa8 Qxa8 27. Qxc4 Bxe4 28. Nh6+ Bxh6 29. Rxh6 Qe8 30. Kf2 Bf5 31. Bh5 Rg7 32. Qb3 Qe4 33. Bf3 Qe7 34. Bh5 Kh8 35. Be3 Bg6 36. Bg4 Qe4 37. Bxd7 Qe7 38. Bg4 Rg8 39. f5 Re8 40. fxg6 fxg6 41. Rh3 Qe4 42. Bf3 Qe5 43. Bg2 Qf5+ 44. Rf3 Qg4 45. Qf7 Rd8 46. Qf6+ 1-0